[Event "Frankfurt-chA"]
[Site "Frankfurt"]
[Date "2012.05.31"]
[Round "4"]
[White "Reschke, Thomas"]
[Black "Lebermann, Hellmuth"]
[Result "1-0"]
[WhiteElo "2118"]
[BlackElo "1862"]
[PlyCount "47"]
[EventDate "2012.04.30"]
[EventType "swiss"]
[EventRounds "7"]
[EventCountry "GER"]
[SourceTitle "EXT 2013"]
[Source "ChessBase"]
[SourceDate "2012.11.22"]
[SourceVersion "1"]
[SourceVersionDate "2012.11.22"]
[SourceQuality "1"]

1. c4 Nf6 2. g3 g6 3. Bg2 Bg7 4. Nc3 0-0 5. e4 d6 6. Nge2 c6 7. 0-0 Qc7 8. d3 a5 9. h3 Ne8 10. Be3 f5 11. Qd2 e5 12. Rad1 Na6 13. d4 c5 14. Nd5 Qb8 15. dxe5 dxe5 16. Qxa5 Nd6 17. Bxc5 Nxc4 18. Qb5 Nxc5 19. Qxc4 Ne6 20. exf5 gxf5 21. Nb6 Ra7 22. Nd7 Bxd7 23. Rxd7 Re8 24. Bd5 1-0